000 00508nam a22001817a 4500
003 OSt
008 251208b |||||||| |||| 00| 0 eng d
082 _a638.1
_bP74N
100 _aPrasad, Rabindra.
245 _aNatural Enemies of Apis mellifera L. and their Management During Dearth Period
260 _a.- Pusa, Samastipur
_b: RAU
_c, 2005
300 _a68p.
650 _aEntomology and Agricultural Zoology
650 _aApis mellifera L.
650 _aThesis
650 _aPh. D.
942 _2ddc
_cT
999 _c49361
_d49361